[Event "Bünde- Iserlohn"]
[Site "?"]
[Date "2023.09.03"]
[Round "1.8"]
[White "Konovalov, Kiril"]
[Black "Schwanbeck, Christoph"]
[Result "1-0"]
[WhiteElo "1771"]
[BlackElo "2066"]
[PlyCount "57"]
[EventDate "2023.??.??"]
[SourceVersionDate "2023.09.04"]

1. e4 d5 2. exd5 Qxd5 3. Nc3 Qd6 4. d4 Nf6 5. Nf3 c6 6. Ne5 Nbd7 7. Bf4 Qb4 8. a3 Qb6 9. Nc4 Qd8 10. Qe2 e6 11. Nd6+ Bxd6 12. Bxd6 Nb6 13. Qe5 h5 14. O-O-O Nbd5 15. Nxd5 cxd5 16. Be2 Rg8 17. Bf3 Bd7 18. Rhe1 Bc6 19. c4 Rc8 20. Kb1 Kd7 21. cxd5 Bxd5 22. Bxd5 Nxd5 23. Bc5 b6 24. Qd6+ Ke8 25. Rxe6+ fxe6 26. Qxe6+ Ne7 27. Bxe7 Qxe7 28. Qxg8+ Kd7 29. Qd5+ 1-0

[Event "Godesberg- Werden"]
[Site "?"]
[Date "2023.09.03"]
[Round "1.1"]
[White "Kaufeld, Juergen"]
[Black "Seger, Ruediger"]
[Result "1/2-1/2"]
[WhiteElo "2269"]
[BlackElo "2264"]
[PlyCount "54"]
[EventDate "2023.??.??"]
[SourceVersionDate "2023.09.04"]

1. e4 c6 2. Nc3 d5 3. Nf3 dxe4 4. Nxe4 Nf6 5. Qe2 Nxe4 6. Qxe4 Qa5 7. b4 Qf5 8. Qe3 Qe6 9. Bb2 Qxe3+ 10. fxe3 Nd7 11. Bc4 f6 12. O-O Nb6 13. Bb3 e6 14. a3 a5 15. Bd4 Nd5 16. c4 Ne7 17. c5 Nd5 18. e4 Nc7 19. Bc3 Be7 20. d4 axb4 21. axb4 Rxa1 22. Rxa1 O-O 23. Bd2 Rd8 24. Bc4 g5 25. h3 h5 26. Be3 Kg7 27. Rd1 g4 1/2-1/2

[Event "Godesberg- Werden"]
[Site "?"]
[Date "2023.09.03"]
[Round "1.2"]
[White "Koehler, Christian"]
[Black "Kauch, Markus"]
[Result "1-0"]
[WhiteElo "2186"]
[BlackElo "2135"]
[PlyCount "65"]
[EventDate "2023.??.??"]
[SourceVersionDate "2023.09.04"]

1. e4 c5 2. Nf3 Nc6 3. Bb5 g6 4. Bxc6 bxc6 5. O-O Bg7 6. Re1 Nf6 7. e5 Nd5 8. c4 Nc7 9. d4 cxd4 10. Qxd4 d5 11. Nc3 Bf5 12. Qh4 h6 13. Nd4 Bd7 14. cxd5 cxd5 15. Bd2 Rb8 16. b3 e6 17. Qg3 Bf8 18. Rac1 Bb4 19. h4 Kf8 20. h5 Kg7 21. Qd3 Rb6 22. hxg6 fxg6 23. Re3 Na6 24. Rg3 Qe8 25. Nde2 Rf8 26. Rh3 Rh8 27. Nf4 Nc5 28. Qd4 Qf7 29. Nfxd5 exd5 30. e6+ Qf6 31. Bxh6+ Rxh6 32. Qxf6+ Kxf6 33. exd7 1-0

[Event "Godesberg- Werden"]
[Site "?"]
[Date "2023.09.03"]
[Round "1.3"]
[White "Mann, Gergely"]
[Black "Schulte- Geers, Niklas"]
[Result "1/2-1/2"]
[WhiteElo "2070"]
[BlackElo "2174"]
[PlyCount "44"]
[EventDate "2023.??.??"]
[SourceVersionDate "2023.09.04"]

1. d4 d5 2. c4 c6 3. Nf3 Nf6 4. Nc3 e6 5. Bg5 Be7 6. e3 Nbd7 7. Qc2 h6 8. Bh4 O-O 9. O-O-O dxc4 10. Bxc4 b5 11. Bd3 Bb7 12. Kb1 Nd5 13. Bxe7 Qxe7 14. Nxd5 exd5 15. g4 a6 16. g5 h5 17. Bh7+ Kh8 18. Bf5 Nb6 19. Ne5 Nc4 20. Nxc4 bxc4 21. g6 Bc8 22. gxf7 Bxf5 1/2-1/2

[Event "Godesberg- Werden"]
[Site "?"]
[Date "2023.09.03"]
[Round "1.4"]
[White "Rybarczyk, Klaus"]
[Black "Ter Steeg, Marcus"]
[Result "1-0"]
[WhiteElo "2133"]
[BlackElo "1969"]
[PlyCount "59"]
[EventDate "2023.??.??"]
[SourceVersionDate "2023.09.04"]

1. Nf3 d5 2. c4 e6 3. g3 Nf6 4. Bg2 Be7 5. O-O O-O 6. b3 b6 7. cxd5 exd5 8. d4 Ne4 9. Bb2 Bb7 10. Nbd2 Nxd2 11. Qxd2 Nd7 12. Rac1 Re8 13. Rfd1 Bf6 14. b4 Ba6 15. Ne5 Bb7 16. Nc6 Bxc6 17. Rxc6 Nb8 18. Rc2 b5 19. Qd3 c6 20. e4 dxe4 21. Bxe4 Qe7 22. Bxh7+ Kh8 23. Bf5 Qxb4 24. Qf3 Kg8 25. Qh5 Re1+ 26. Rxe1 Qxe1+ 27. Kg2 g6 28. Bxg6 Bg7 29. Bxf7+ Kf8 30. Re2 1-0

[Event "Godesberg- Werden"]
[Site "?"]
[Date "2023.09.03"]
[Round "1.5"]
[White "Huette, Stefan"]
[Black "Broehl, Stephan"]
[Result "1/2-1/2"]
[WhiteElo "2039"]
[BlackElo "2140"]
[PlyCount "87"]
[EventDate "2023.??.??"]
[SourceVersionDate "2023.09.04"]

1. e4 c6 2. d4 d5 3. exd5 cxd5 4. c3 Nf6 5. Bf4 Nc6 6. Nf3 Bg4 7. Be2 e6 8. h3 Bh5 9. Ne5 Bxe2 10. Qxe2 Bd6 11. Nd2 Qc7 12. Ndf3 O-O 13. O-O Ne4 14. Nxc6 bxc6 15. Bxd6 Qxd6 16. Nd2 Nxd2 17. Qxd2 c5 18. dxc5 Qxc5 19. Rfe1 a5 20. Re2 Rfc8 21. Rd1 Qc4 22. a3 Rab8 23. Qd3 Qxd3 24. Rxd3 Rb3 25. Rdd2 Kf8 26. Kf1 Rc5 27. Ke1 Ke7 28. Kd1 Kd6 29. f4 f6 30. Kc2 Rcb5 31. Kd1 Rc5 32. Kc2 Rb7 33. Rf2 Rbc7 34. Rf3 Rc4 35. Kd1 Rb7 36. Rff2 e5 37. fxe5+ fxe5 38. Rf8 Rd7 39. Ra8 a4 40. Ra6+ Ke7 41. Ra5 Ke6 42. Ra6+ Ke7 43. Ra5 Ke6 44. Ra6+ 1/2-1/2

[Event "Godesberg- Werden"]
[Site "?"]
[Date "2023.09.03"]
[Round "1.6"]
[White "Stenzel, Thomas"]
[Black "Claussen, Uwe"]
[Result "0-1"]
[WhiteElo "2171"]
[BlackElo "2095"]
[PlyCount "144"]
[EventDate "2023.??.??"]
[SourceVersionDate "2023.09.04"]

1. e4 e6 2. d4 d5 3. exd5 exd5 4. Nf3 Nf6 5. Bd3 Bg4 6. O-O Be7 7. h3 Bh5 8. Bf4 O-O 9. Re1 c6 10. Nbd2 Bd6 11. Be5 Bc7 12. Nf1 Nbd7 13. Ng3 Bg6 14. Nh4 Bxd3 15. Qxd3 Nxe5 16. dxe5 Nd7 17. Nf3 Nc5 18. Qe3 Bb6 19. Qf4 Ne6 20. Qg4 Kh8 21. Rad1 Qe7 22. Re2 g6 23. c3 Rae8 24. h4 Ng7 25. h5 Qe6 26. Qf4 gxh5 27. Ng5 Qg6 28. Kh2 Bd8 29. Nf3 Ne6 30. Qf5 h4 31. Qxg6 hxg6 32. Nf1 Kg7 33. g3 Rh8 34. Kg2 hxg3 35. fxg3 f5 36. c4 dxc4 37. Rd7+ Re7 38. Red2 Rhe8 39. Ne3 Rxd7 40. Rxd7+ Re7 41. Rxe7+ Bxe7 42. Nxc4 b6 43. Nfd2 Kf7 44. Kf3 Nc5 45. g4 Ke6 46. gxf5+ gxf5 47. b3 Nd3 48. Ke3 Nxe5 49. Nxe5 Kxe5 50. Nf3+ Kf6 51. Kd3 Bc5 52. Kc4 Bf2 53. Kd3 b5 54. Ke2 Bb6 55. Kd3 Ke6 56. b4 Kd5 57. Nh4 f4 58. Ng6 f3 59. Ne7+ Kd6 60. Nf5+ Ke5 61. Ng3 Bg1 62. Nf1 Kf4 63. Nd2 Bb6 64. Nf1 c5 65. bxc5 Bxc5 66. Nd2 Bb6 67. Nf1 a6 68. Kd2 Kg4 69. Kd3 Kh3 70. Ke4 Kg2 71. Nd2 f2 72. Kd5 Ba5 0-1

[Event "Godesberg- Werden"]
[Site "?"]
[Date "2023.09.03"]
[Round "1.7"]
[White "Rehfeldt, Jens"]
[Black "Kutzner, Stephen"]
[Result "0-1"]
[WhiteElo "2043"]
[BlackElo "2055"]
[PlyCount "90"]
[EventDate "2023.??.??"]
[SourceVersionDate "2023.09.04"]

1. e4 e5 2. d4 exd4 3. Qxd4 Nc6 4. Qe3 Nf6 5. Nc3 Bb4 6. Bd2 d6 7. O-O-O Be6 8. f4 Qe7 9. Nf3 a6 10. f5 Bxc3 11. Qxc3 Bd7 12. Bg5 O-O-O 13. Bd3 Ne5 14. Rhe1 h6 15. Bh4 g5 16. fxg6 fxg6 17. Nxe5 dxe5 18. Rf1 g5 19. Bf2 Qe6 20. Bc4 Qc6 21. Qb3 Bg4 22. Rxd8+ Rxd8 23. h3 Nxe4 24. Be3 Bh5 25. Re1 Qd6 26. g4 Nd2 27. Be6+ Kb8 28. Qd3 Qe7 29. Bd5 Bf7 30. c4 Nf3 31. Rf1 Bxd5 32. cxd5 e4 33. Qc4 b5 34. Qb3 Ne5 35. Kb1 Nc4 36. Bc1 Rxd5 37. Qc3 Qe5 38. Qb4 e3 39. Re1 Qe4+ 40. Ka1 Qc2 41. Qf8+ Ka7 42. Qf7 Nd2 43. Bxd2 exd2 44. Qf2+ Kb7 45. Rb1 Qxb1+ 0-1

[Event "Godesberg- Werden"]
[Site "?"]
[Date "2023.09.03"]
[Round "1.8"]
[White "Mantau, Jan"]
[Black "Kanno, Clara"]
[Result "1-0"]
[WhiteElo "2183"]
[BlackElo "1388"]
[PlyCount "47"]
[EventDate "2023.??.??"]
[SourceVersionDate "2023.09.04"]

1. e4 e6 2. d4 d5 3. Nc3 Nf6 4. Bg5 h6 5. Bxf6 Qxf6 6. exd5 Bb4 7. Bb5+ Bd7 8. Bxd7+ Kxd7 9. Nf3 Bxc3+ 10. bxc3 exd5 11. Ne5+ Kd6 12. Qg4 h5 13. Qg3 Ke7 14. O-O Nd7 15. Rfe1 Kd8 16. Qh3 Nxe5 17. Rxe5 c6 18. Rae1 Kc7 19. Re7+ Kb6 20. Rb1+ Ka6 21. Rexb7 g6 22. Qd3+ Ka5 23. R7b5+ cxb5 24. Qxb5# 1-0

[Event "Aachen 2- Godesberg"]
[Site "?"]
[Date "2023.09.24"]
[Round "2.1"]
[White "Seger, Ruediger"]
[Black "Coenen, Norbert"]
[Result "1/2-1/2"]
[WhiteElo "2264"]
[BlackElo "2254"]
[PlyCount "69"]
[EventDate "2023.??.??"]
[SourceVersionDate "2023.09.04"]
[WhiteTeam "Godesberger SK"]
[BlackTeam "Aachener SV 2"]

1. e4 c5 2. c3 d5 3. exd5 Qxd5 4. d4 Nf6 5. Nf3 e6 6. Na3 Nc6 7. Nb5 Qd8 8. dxc5 Bxc5 9. Qxd8+ Kxd8 10. Bg5 a6 11. Rd1+ Ke7 12. Nbd4 Nxd4 13. Nxd4 e5 14. Nb3 Ba7 15. Bc4 h6 16. Bh4 Be6 17. Na5 Rac8 18. Bxe6 Kxe6 19. Bxf6 gxf6 20. Ke2 Rhg8 21. g3 Rg4 22. Rd2 Re4+ 23. Kf3 Ra4 24. Nxb7 Rxa2 25. Rhd1 Rc7 26. Nd8+ Kf5 27. g4+ Kg6 28. Rd7 Bb6 29. Nxf7 Rxd7 30. Rxd7 Rxb2 31. h4 h5 32. Nh8+ Kh6 33. Nf7+ Kg6 34. Nh8+ Kh6 35. Nf7+ 1/2-1/2

[Event "Aachen 2- Godesberg"]
[Site "?"]
[Date "2023.09.24"]
[Round "2.2"]
[White "Ngo, Quang Thai"]
[Black "Koehler, Christian Friedrich"]
[Result "1-0"]
[WhiteElo "2023"]
[BlackElo "2186"]
[PlyCount "59"]
[EventDate "2023.??.??"]
[SourceVersionDate "2023.09.04"]
[WhiteTeam "Aachener SV 2"]
[BlackTeam "Godesberger SK"]

1. d4 d5 2. c4 c6 3. Nc3 dxc4 4. Nf3 Nf6 5. g3 g6 6. Bg2 Nbd7 7. e4 Nb6 8. h3 Bg7 9. O-O O-O 10. Qe2 Ne8 11. Rd1 Nc7 12. Be3 f5 13. Ne5 Be6 14. d5 Bxe5 15. dxe6 Qc8 16. exf5 Bxc3 17. bxc3 Rxf5 18. Bxb6 axb6 19. Rd7 Nd5 20. Bxd5 cxd5 21. Rxe7 Qc5 22. Rd7 Re8 23. Re1 Re7 24. Rxe7 Qxe7 25. Rb1 Kf8 26. Rxb6 Qc7 27. Qb2 Re5 28. Rxb7 Re1+ 29. Kg2 Qe5 30. Qa3+ 1-0

[Event "Aachen 2- Godesberg"]
[Site "?"]
[Date "2023.09.24"]
[Round "2.3"]
[White "Dahm, Jochen"]
[Black "Bodicky, Michal"]
[Result "0-1"]
[WhiteElo "2231"]
[BlackElo "2172"]
[PlyCount "74"]
[EventDate "2023.??.??"]
[SourceVersionDate "2023.09.04"]
[WhiteTeam "Godesberger SK"]
[BlackTeam "Aachener SV 2"]

1. e4 d6 2. d4 Nf6 3. Nc3 e5 4. Nf3 Nbd7 5. g3 Be7 6. Bg2 c6 7. a4 O-O 8. O-O b6 9. Re1 a6 10. b3 Bb7 11. Ba3 b5 12. dxe5 dxe5 13. Bd6 Re8 14. Qd2 b4 15. Nd1 c5 16. Bxe7 Qxe7 17. Nh4 g6 18. f3 Rad8 19. Qh6 Kh8 20. Nb2 Nb8 21. Nc4 Nc6 22. Rad1 Rd4 23. Bf1 Red8 24. Rxd4 Rxd4 25. Ng2 Bc8 26. Qg5 Kg7 27. Qc1 Be6 28. Nge3 Qd8 29. Kf2 Ne8 30. Rd1 Qf6 31. Nb6 Nc7 32. Nbd5 Bxd5 33. exd5 Ne7 34. Bc4 Qd6 35. c3 bxc3 36. Qxc3 Ncxd5 37. Nxd5 Rxd1 0-1

[Event "Aachen 2- Godesberg"]
[Site "?"]
[Date "2023.09.24"]
[Round "2.4"]
[White "Dr. Lamby, Philipp"]
[Black "Rybarczyk, Klaus"]
[Result "1/2-1/2"]
[WhiteElo "2176"]
[BlackElo "2133"]
[PlyCount "88"]
[EventDate "2023.??.??"]
[SourceVersionDate "2023.09.04"]
[WhiteTeam "Aachener SV 2"]
[BlackTeam "Godesberger SK"]

1. d4 Nf6 2. c4 c5 3. d5 b5 4. Qc2 bxc4 5. e4 d6 6. Bxc4 g6 7. Nf3 Bg7 8. O-O O-O 9. Re1 Nbd7 10. Nc3 Ng4 11. Bd2 Nge5 12. Nxe5 Nxe5 13. Bf1 f5 14. Nd1 f4 15. f3 g5 16. Nf2 Qe8 17. Bc3 h5 18. Nd3 Ng6 19. Bxg7 Kxg7 20. Qc3+ Kh6 21. e5 Qf7 22. b4 cxb4 23. Nxb4 Nxe5 24. Rxe5 Qf6 25. Qxc8 Rfxc8 26. Re6 Qxe6 27. dxe6 Rc5 28. Rd1 Kg7 29. Nd5 Kf8 30. h4 gxh4 31. Nxf4 Rb8 32. Bd3 Kg7 33. Be4 Kf6 34. Bd5 Rb4 35. Nxh5+ Kg5 36. g4 hxg3 37. Nxg3 Kf4 38. Kf2 Rb2+ 39. Ne2+ Ke5 40. f4+ Kf6 41. Ke3 Rbb5 42. Ke4 a5 43. f5 Rb2 44. Nf4 Rb4+ 1/2-1/2

[Event "Aachen 2- Godesberg"]
[Site "?"]
[Date "2023.09.24"]
[Round "2.5"]
[White "Broehl, Stephan"]
[Black "Huesmann, Thomas"]
[Result "0-1"]
[WhiteElo "2140"]
[BlackElo "2106"]
[PlyCount "22"]
[EventDate "2023.??.??"]
[SourceVersionDate "2023.09.04"]
[WhiteTeam "Godesberger SK"]
[BlackTeam "Aachener SV 2"]

1. e4 e5 2. Nc3 Nf6 3. Bc4 Bc5 4. d3 c6 5. f4 exf4 6. d4 Bb4 7. Bd3 d5 8. e5 Bg4 9. Be2 Ne4 10. Bxg4 Qh4+ 11. g3 fxg3 0-1

[Event "Aachen 2- Godesberg"]
[Site "?"]
[Date "2023.09.24"]
[Round "2.6"]
[White "Breitkopf-Lazar, Patrick-Robert"]
[Black "Kutzner, Stephen"]
[Result "1-0"]
[WhiteElo "1672"]
[BlackElo "2055"]
[PlyCount "53"]
[EventDate "2023.??.??"]
[SourceVersionDate "2023.09.04"]
[WhiteTeam "Aachener SV 2"]
[BlackTeam "Godesberger SK"]

1. e4 e5 2. Nf3 Nc6 3. Bc4 Bc5 4. O-O Nf6 5. d3 d6 6. c3 Bg4 7. h3 Bh5 8. Re1 a6 9. Bb3 h6 10. Nbd2 Qd7 11. Nf1 O-O-O 12. Ng3 Bg6 13. d4 exd4 14. cxd4 Bb4 15. Bd2 Bxd2 16. Qxd2 Rhe8 17. Ba4 Bxe4 18. Nxe4 Nxe4 19. Qd3 d5 20. Ne5 Qf5 21. Qe3 Re6 22. Bxc6 bxc6 23. f3 Ng5 24. Qa3 Rdd6 25. Qxa6+ Kb8 26. Re3 Nxh3+ 27. Kf1 1-0

[Event "Aachen 2- Godesberg"]
[Site "?"]
[Date "2023.09.24"]
[Round "2.7"]
[White "Wecker, Martin"]
[Black "Goedde, Patrick"]
[Result "1-0"]
[WhiteElo "2067"]
[BlackElo "1983"]
[PlyCount "85"]
[EventDate "2023.??.??"]
[SourceVersionDate "2023.09.04"]
[WhiteTeam "Godesberger SK"]
[BlackTeam "Aachener SV 2"]

1. Nf3 Nf6 2. c4 b6 3. g3 Bb7 4. Bg2 e6 5. O-O Be7 6. Nc3 O-O 7. Re1 c5 8. e4 d6 9. d4 cxd4 10. Nxd4 Qc8 11. Be3 Nc6 12. h3 Nxd4 13. Qxd4 Rd8 14. Rac1 Ne8 15. Qd2 Nc7 16. Red1 Qd7 17. Bf4 Qe8 18. Qe2 Rac8 19. Be3 Ba6 20. b3 Bf6 21. Qd2 h6 22. a4 Qe7 23. Ne2 Rb8 24. Nd4 Bxd4 25. Bxd4 e5 26. Be3 Ne6 27. Rc3 Nc5 28. b4 Ne6 29. f4 Bc8 30. f5 Nf8 31. c5 bxc5 32. bxc5 d5 33. exd5 Bxf5 34. d6 Qe8 35. c6 Rb4 36. g4 Be6 37. Bxa7 Rxa4 38. Be3 Ra6 39. Qd3 Ra2 40. Rc2 Rda8 41. d7 e4 42. dxe8=Q exd3 43. Rxa2 1-0

[Event "Aachen 2- Godesberg"]
[Site "?"]
[Date "2023.09.24"]
[Round "2.8"]
[White "Winkels, Marcel"]
[Black "Biedekoepper, Robert"]
[Result "1-0"]
[WhiteElo "1920"]
[BlackElo "1958"]
[PlyCount "79"]
[EventDate "2023.??.??"]
[SourceVersionDate "2023.09.04"]
[WhiteTeam "Aachener SV 2"]
[BlackTeam "Godesberger SK"]

1. e4 c5 2. Nf3 Nc6 3. d4 cxd4 4. Nxd4 Nf6 5. Nc3 e5 6. Ndb5 d6 7. Bg5 a6 8. Na3 b5 9. Nab1 Be7 10. a4 b4 11. Bxf6 Bxf6 12. Nd5 Bg5 13. Bc4 O-O 14. O-O g6 15. Qd3 Kg7 16. c3 bxc3 17. Nbxc3 Rb8 18. Rab1 Qa5 19. b3 f5 20. f3 Qc5+ 21. Kh1 Na5 22. Ne2 Nxc4 23. bxc4 Rxb1 24. Rxb1 fxe4 25. fxe4 Bd7 26. a5 Qxa5 27. Nb6 Bg4 28. Nc3 Qc5 29. h3 Be6 30. Ncd5 Rb8 31. Rb3 Rf8 32. Ra3 Rf2 33. Rxa6 Rd2 34. Qf3 Rf2 35. Qd3 Kh6 36. Na4 Qd4 37. Qxd4 exd4 38. Rxd6 Rf1+ 39. Kh2 Bf7 40. g3 {(ZUe)} 1-0

[Event "Werden- Oberhausen"]
[Site "?"]
[Date "2023.09.24"]
[Round "2.1"]
[White "Becker, Marcel"]
[Black "Kaufeld, Juergen"]
[Result "1-0"]
[WhiteElo "2309"]
[BlackElo "2260"]
[PlyCount "141"]
[EventDate "2023.??.??"]
[SourceVersionDate "2023.09.04"]

1. d4 d5 2. c4 c6 3. Nf3 Nf6 4. Nc3 e6 5. e3 Nbd7 6. Qc2 Bd6 7. Be2 O-O 8. b3 b6 9. O-O Bb7 10. Bb2 Qe7 11. Rfe1 Rfe8 12. e4 dxe4 13. Nxe4 Nxe4 14. Qxe4 Nf8 15. Bd3 Ba3 16. Bxa3 Qxa3 17. Ne5 Rad8 18. Qf3 f6 19. Nxc6 Rxd4 20. Rad1 Rxd3 21. Rxd3 Qc5 22. b4 Qxc6 23. Qxc6 Bxc6 24. a4 Rc8 25. Ra1 a5 26. b5 Be4 27. Rd6 Rxc4 28. Rxb6 Nd7 29. Rxe6 Nc5 30. Re8+ Kf7 31. Rc8 Ke6 32. f3 Bd5 33. Rc7 g5 34. Ra7 Nxa4 35. Rxa5 Nc3 36. Re1+ Kf5 37. b6 Rb4 38. Rc5 Rb3 39. b7 Kg6 40. Rxc3 Rxb7 41. Rd1 Rb5 42. Rcd3 Ba2 43. Rd6 Rb1 44. Rxb1 Bxb1 45. Kf2 h5 46. g3 Ba2 47. Ke3 Bb3 48. Rb6 Bd1 49. Rb5 Bc2 50. Rb4 Bd1 51. h4 gxh4 52. Rxh4 Kg5 53. Rd4 Bc2 54. Rd8 Bb3 55. Rb8 Bd1 56. Rb5+ Kg6 57. f4 Bg4 58. Kd4 Bf3 59. Rc5 Bg2 60. Kc3 Be4 61. Kc4 Bc2 62. Kd5 Bb3+ 63. Kd6 Ba2 64. Ke7 Bb1 65. Rb5 Be4 66. Rb6 Kf5 67. Rxf6+ Kg4 68. Re6 Bc2 69. Re3 h4 70. gxh4 Kxf4 71. Re2 1-0

[Event "Werden- Oberhausen"]
[Site "?"]
[Date "2023.09.24"]
[Round "2.2"]
[White "Mann, Gergely"]
[Black "Voge, Andreas"]
[Result "1-0"]
[WhiteElo "2094"]
[BlackElo "2035"]
[PlyCount "65"]
[EventDate "2023.??.??"]
[SourceVersionDate "2023.09.04"]

1. e4 c5 2. Nf3 d6 3. d4 cxd4 4. Nxd4 Nf6 5. Nc3 a6 6. Bg5 e6 7. f4 Be7 8. Qf3 Qc7 9. O-O-O Nbd7 10. Bd3 h6 11. h4 Nc5 12. f5 hxg5 13. hxg5 Rxh1 14. Rxh1 Nxd3+ 15. cxd3 Nd7 16. fxe6 Ne5 17. exf7+ Nxf7 18. g6 Nh6 19. Kb1 Qc5 20. Rxh6 Qxd4 21. Rh8+ Kd7 22. Qf5+ Kc6 23. Rxc8+ Rxc8 24. Qxc8+ Kb6 25. Nd5+ Ka7 26. Nxe7 Qxd3+ 27. Qc2 Qf1+ 28. Qc1 Qd3+ 29. Ka1 Qxe4 30. Nc8+ Ka8 31. Nxd6 Qxg6 32. Qc8+ Ka7 33. Qxb7# 1-0

[Event "Werden- Oberhausen"]
[Site "?"]
[Date "2023.09.24"]
[Round "2.3"]
[White "Hort, Vlastimil"]
[Black "Ter Steeg, Marcus"]
[Result "1-0"]
[WhiteElo "2326"]
[BlackElo "1923"]
[PlyCount "111"]
[EventDate "2023.??.??"]
[SourceVersionDate "2023.09.04"]

1. c4 Nf6 2. Nf3 g6 3. Nc3 Bg7 4. e4 d6 5. d4 O-O 6. Bg5 h6 7. Bf4 Nh5 8. Be3 e5 9. Qd2 Kh7 10. O-O-O exd4 11. Nxd4 Nf6 12. f3 Qe7 13. g4 Nc6 14. h4 Nxd4 15. Bxd4 Nd7 16. Nd5 Qd8 17. g5 Ne5 18. Be2 h5 19. f4 Ng4 20. Bxg7 Kxg7 21. Qd4+ f6 22. Bxg4 Bxg4 23. Rde1 Be6 24. Nxf6 Rxf6 25. b3 Qe7 26. e5 dxe5 27. gxf6+ Qxf6 28. Qxe5 Qxe5 29. Rxe5 Kf6 30. Rhe1 Bg4 31. Re7 Rd8 32. Rxc7 Bf3 33. Rf1 Be4 34. Rc5 Rd3 35. Re5 Bf5 36. Rh1 Rf3 37. Rb5 Be4 38. Rh2 Rxf4 39. a4 a6 40. Rc5 Rf3 41. Kb2 Rf4 42. a5 Bf5 43. Rc7 Be4 44. b4 g5 45. hxg5+ Kxg5 46. b5 axb5 47. Rc5+ Bf5 48. cxb5 Kg4 49. Rg2+ Kf3 50. Rg5 Bg4 51. a6 bxa6 52. bxa6 Ra4 53. Ra5 Rxa5 54. Rxa5 Bc8 55. a7 Bb7 56. Rxh5 1-0

[Event "Werden- Oberhausen"]
[Site "?"]
[Date "2023.09.24"]
[Round "2.4"]
[White "Huette, Stefan"]
[Black "Alkhazashvili, Ololi"]
[Result "1/2-1/2"]
[WhiteElo "2046"]
[BlackElo "2185"]
[PlyCount "83"]
[EventDate "2023.??.??"]
[SourceVersionDate "2023.09.04"]

1. d4 Nf6 2. Nf3 e6 3. Bf4 Be7 4. e3 O-O 5. Nbd2 d5 6. c3 Nh5 7. Bg3 Nxg3 8. hxg3 f5 9. Ne5 g6 10. Ndf3 Bf6 11. Bd3 c5 12. Qe2 c4 13. Bc2 Na6 14. g4 Nc7 15. gxf5 exf5 16. g3 Ne8 17. Qf1 Nd6 18. Qh3 Qc7 19. Qh6 Qg7 20. Qxg7+ Kxg7 21. Rg1 Bd8 22. Nd2 Be6 23. f4 h5 24. Ndf3 Re8 25. Rh1 a5 26. Nh4 Bf7 27. Nhf3 b5 28. Nxf7 Nxf7 29. Kd2 Bf6 30. Ne5 Nd6 31. Rhd1 Ra6 32. Nd7 Re7 33. Nc5 Raa7 34. a3 Kf7 35. b4 Rec7 36. Rdb1 Be7 37. a4 axb4 38. cxb4 Rc8 39. axb5 Rxa1 40. Rxa1 Nxb5 41. Ra5 Rb8 42. Ra4 1/2-1/2

[Event "Werden- Oberhausen"]
[Site "?"]
[Date "2023.09.24"]
[Round "2.5"]
[White "Mancic, Ivan"]
[Black "Claussen, Uwe"]
[Result "1-0"]
[WhiteElo "2135"]
[BlackElo "2098"]
[PlyCount "49"]
[EventDate "2023.??.??"]
[SourceVersionDate "2023.09.04"]

1. d4 Nf6 2. c4 e6 3. g3 d5 4. Bg2 c6 5. Nf3 Be7 6. O-O O-O 7. Nc3 Nbd7 8. Qc2 b6 9. Rd1 Bb7 10. Bf4 a6 11. e4 dxc4 12. Rd2 b5 13. Rad1 Qa5 14. d5 cxd5 15. exd5 exd5 16. Ng5 h6 17. Bxd5 Bxd5 18. Nxd5 Bc5 19. Ne4 Nxe4 20. Qxe4 Rac8 21. Bxh6 gxh6 22. Qg4+ Kh8 23. Qxd7 Rce8 24. Qc6 Re1+ 25. Kg2 1-0

[Event "Werden- Oberhausen"]
[Site "?"]
[Date "2023.09.24"]
[Round "2.6"]
[White "Rehfeldt, Jens"]
[Black "Ciornei, Dragos"]
[Result "1/2-1/2"]
[WhiteElo "2033"]
[BlackElo "2051"]
[PlyCount "36"]
[EventDate "2023.??.??"]
[SourceVersionDate "2023.09.04"]

1. b3 e5 2. Bb2 Nc6 3. e3 d6 4. Bb5 Bd7 5. d4 exd4 6. exd4 d5 7. Nf3 Nf6 8. O-O Be7 9. a3 O-O 10. Nbd2 Re8 11. h3 Bf8 12. Re1 Rxe1+ 13. Qxe1 Qe7 14. Qxe7 Nxe7 15. Bd3 Bf5 16. Bf1 c6 17. Rc1 Ne4 18. Nxe4 Bxe4 1/2-1/2

[Event "Duesseldorf 2- Krefeld"]
[Site "?"]
[Date "2023.09.24"]
[Round "2.1"]
[White "Gutkin, Ilya"]
[Black "Levin, Felix"]
[Result "1-0"]
[WhiteElo "2291"]
[BlackElo "2450"]
[PlyCount "147"]
[EventDate "2023.??.??"]
[SourceVersionDate "2023.09.04"]

1. Nf3 d5 2. g3 Nd7 3. d4 Nb6 4. Bg2 Bf5 5. O-O e6 6. a4 a5 7. b3 Be7 8. Ba3 Nf6 9. Nh4 O-O 10. Nxf5 exf5 11. Qd3 Bxa3 12. Nxa3 g6 13. c4 c6 14. Rfb1 Qe7 15. Nc2 Ra7 16. e3 Rfa8 17. c5 Nbd7 18. b4 axb4 19. Rxb4 Nf8 20. Qb3 Ne6 21. a5 Nd8 22. Rba4 h5 23. h4 Qc7 24. Qb6 Qc8 25. Bf1 Nd7 26. Qb4 Nb8 27. Bd3 Kg7 28. Kg2 Ne6 29. R4a3 Nc7 30. Qb2 Ne6 31. Be2 Kg8 32. Ne1 Kg7 33. Nd3 Qc7 34. Qb6 Qc8 35. Qb2 Qc7 36. Qb4 Nd7 37. Nc1 Nb8 38. Bd3 Qe7 39. Ne2 Qc7 40. Nc3 Qe7 41. Be2 Kg8 42. Bf3 Nc7 43. Qb2 Ne6 44. Bxd5 cxd5 45. Nxd5 Qd8 46. Nb6 Nd7 47. Nxa8 Qxa8 48. Kg1 Nf6 49. Qa2 Nc7 50. Qc4 Qe8 51. Rb1 Ncd5 52. Rab3 Qc6 53. Qb5 Qe6 54. Rc1 Qc6 55. Qxc6 bxc6 56. Rb8+ Kg7 57. Ra1 Ra6 58. Kf1 Ne4 59. Ke2 Nec3+ 60. Kd3 Ne4 61. f3 Nxg3 62. e4 Nf4+ 63. Ke3 Ne6 64. Rb6 Ra7 65. Rxc6 f4+ 66. Kd3 g5 67. d5 Nf8 68. hxg5 Ng6 69. Kc4 Ne5+ 70. Kb5 Nxf3 71. Kb6 Re7 72. d6 Re8 73. d7 Rd8 74. Kc7 1-0

[Event "Duesseldorf 2- Krefeld"]
[Site "?"]
[Date "2023.09.24"]
[Round "2.2"]
[White "Braun, Christian"]
[Black "Ricken, Katharina"]
[Result "1/2-1/2"]
[WhiteElo "2420"]
[BlackElo "2173"]
[PlyCount "80"]
[EventDate "2023.??.??"]
[SourceVersionDate "2023.09.04"]

1. e4 e6 2. d3 d5 3. Qe2 Nf6 4. Nf3 c5 5. g3 Nc6 6. Bg2 g6 7. e5 Nd7 8. O-O Bg7 9. Bf4 Qc7 10. Re1 b5 11. h4 h6 12. Nc3 Qb6 13. a4 b4 14. Nb5 Ba6 15. c4 Bxb5 16. axb5 Ne7 17. Ra6 Qb7 18. b3 O-O 19. Nh2 Kh7 20. Ng4 Nf5 21. cxd5 exd5 22. Qa2 Nd4 23. Rd6 Nb6 24. Nf6+ Bxf6 25. Rxf6 Rae8 26. Ra1 Re7 27. Be3 Ne6 28. Qd2 h5 29. f4 Qc7 30. g4 Nd7 31. Bxd5 Nxf6 32. exf6 Rd7 33. Be4 Nd4 34. gxh5 Nxb3 35. Qg2 Nxa1 36. hxg6+ fxg6 37. Qxg6+ Kh8 38. Qh6+ Kg8 39. Qg6+ Kh8 40. Qh6+ Kg8 1/2-1/2

[Event "Duesseldorf 2- Krefeld"]
[Site "?"]
[Date "2023.09.24"]
[Round "2.3"]
[White "Hopman, Pieter"]
[Black "Hoenig, Alexander"]
[Result "1-0"]
[WhiteElo "2306"]
[BlackElo "2186"]
[PlyCount "61"]
[EventDate "2023.??.??"]
[SourceVersionDate "2023.09.04"]

1. d4 d5 2. c4 c6 3. Nf3 Nf6 4. e3 e6 5. Bd3 dxc4 6. Bxc4 b5 7. Bd3 Bb7 8. O-O a6 9. a4 Nbd7 10. e4 Be7 11. Qe2 b4 12. Nbd2 c5 13. e5 Nd5 14. Ne4 h6 15. dxc5 Nxc5 16. Nxc5 Bxc5 17. Bd2 Qe7 18. Rac1 Bb6 19. Rc4 a5 20. Rg4 O-O-O 21. Rxg7 Kb8 22. Ba6 Ba8 23. Rc1 Nc7 24. Bb5 Bxf3 25. gxf3 Rhg8 26. Rg3 Qh4 27. Kg2 Nd5 28. Bc6 Qd4 29. Qa6 Rxg3+ 30. Kh1 Rd7 31. Qa8+ 1-0

[Event "Duesseldorf 2- Krefeld"]
[Site "?"]
[Date "2023.09.24"]
[Round "2.4"]
[White "Von Buenau, Heinrich"]
[Black "Kabos, Tobias"]
[Result "1/2-1/2"]
[WhiteElo "2196"]
[BlackElo "2274"]
[PlyCount "31"]
[EventDate "2023.??.??"]
[SourceVersionDate "2023.09.04"]

1. Nf3 d5 2. g3 e6 3. Bg2 b5 4. a4 b4 5. O-O Bb7 6. d3 Nf6 7. Nbd2 Be7 8. c3 c5 9. cxb4 cxb4 10. b3 O-O 11. Bb2 Nc6 12. Rc1 Nd7 13. Rc2 Bf6 14. Qa1 Rc8 15. Rfc1 Qb6 16. Bxf6 1/2-1/2